Billboard Top 20 - February 21, 2026 - Statistics

General Stats
  • This quiz has been taken 18 times
  • The average score is 12 of 20
Answer Stats
# Artist Song % Correct
9 HUNTR/X Golden
100%
7 Taylor Swift The Fate of Ophelia
94%
11 Djo End of Beginning
88%
8 Alex Warren Ordinary
88%
6 Olivia Dean Man I Need
81%
10 Taylor Swift Opalite
81%
1 Bad Bunny DTMF
75%
13 RAYE Where Is My Husband!
75%
18 sombr Back To Friends
63%
17 Zara Larsson Lush Life
63%
2 Bad Bunny Baile Inolvidable
56%
3 Bad Bunny Nuevayol
56%
16 Bruno Mars I Just Might
50%
5 Bad Bunny Titi Me Pregunto
50%
20 Ella Langley Choosin' Texas
44%
14 Olivia Dean So Easy (To Fall In Love)
44%
19 Dave, Tems Raindance
25%
4 Bad Bunny EOO
19%
15 J Balvin, Bad Bunny La Cancion
13%
12 Bad Bunny Voy A Llevarte Pa PR
6%
No matching quizzes found
Score Distribution
Percent of People with Each Score
Percentile by Number Answered
Your Score History
You have not taken this quiz